[Event "I Festival A"]
[Site "Forni di Sopra ITA"]
[Date "2011.06.15"]
[Round "5"]
[White "Sipos, Istvan"]
[Black "Matamoros Franco, Carlos S."]
[WhiteElo "2423"]
[BlackElo "2542"]
[Result "0-1"]
[PlyCount "92"]
[EventDate "2011.06.12"]

1. c4 b6 2. Nc3 Bb7 3. d4 e6 4. a3 d5 5. Nf3 Nf6 6. cxd5 Nxd5 7. Qc2 Be7 8. e4
Nxc3 9. bxc3 O-O 10. Bd3 c5 11. O-O Qc8 12. Qe2 Ba6 13. Bf4 Bxd3 14. Qxd3 Nd7
15. a4 Nf6 16. Bg5 h6 17. Bxf6 Bxf6 18. Rfb1 Rd8 19. e5 Be7 20. a5 bxa5 21.
Rxa5 Rd7 22. h3 Bd8 23. Ra2 Rb8 24. Rba1 a5 25. Qe4 cxd4 26. cxd4 Rd5 27. h4
Qd7 28. h5 Rb4 29. Rc1 a4 30. Rca1 Bb6 31. Qc2 Ra5 32. Rb1 Rxb1+ 33. Qxb1 Bd8
34. Qb4 Ra8 35. Nd2 Be7 36. Qc4 a3 37. Nb3 Ra4 38. Qc3 Qd5 39. Qc8+ Bf8 40. Qc3
Rb4 41. Rxa3 Rc4 42. Qa5 Bxa3 43. Qxa3 Rc3 44. Qa4 Rxb3 45. Qe8+ Kh7 46. Qxf7
Qe4 0-1

[Event "I Festival A"]
[Site "Forni di Sopra ITA"]
[Date "2011.06.15"]
[Round "5"]
[White "Stella, Andrea"]
[Black "Naumkin, Igor"]
[WhiteElo "2398"]
[BlackElo "2506"]
[Result "1/2-1/2"]
[PlyCount "32"]
[EventDate "2011.06.12"]

1. Nf3 Nf6 2. c4 e6 3. Nc3 Bb4 4. g4 h6 5. Rg1 b6 6. h4 Bb7 7. g5 hxg5 8. hxg5
Ne4 9. Qc2 Nxc3 10. dxc3 Bd6 11. Be3 Nc6 12. O-O-O Qe7 13. Bg2 O-O-O 14. Nd4
Nxd4 15. Bxb7+ Kxb7 16. cxd4 c6 1/2-1/2

[Event "I Festival A"]
[Site "Forni di Sopra ITA"]
[Date "2011.06.16"]
[Round "6"]
[White "Barletta, Mauro"]
[Black "Borgo, Giulio"]
[WhiteElo "2265"]
[BlackElo "2399"]
[Result "0-1"]
[PlyCount "74"]
[EventDate "2011.06.12"]

1. d4 d5 2. Nc3 Nf6 3. Bg5 Nbd7 4. Qd3 h6 5. Bh4 e6 6. e4 Bb4 7. exd5 exd5 8.
O-O-O Bxc3 9. Qe3+ Qe7 10. Qxc3 Nb6 11. Re1 Be6 12. Bxf6 Qxf6 13. Nf3 O-O-O 14.
Bd3 Rhe8 15. Rhf1 Re7 16. Kb1 Rde8 17. Ne5 Bf5 18. Bxf5+ Qxf5 19. f4 f6 20. g4
Qe6 21. f5 Qd6 22. Nd3 Qxh2 23. b3 Qd6 24. Nc5 Nd7 25. Ne6 g5 26. Qh3 Nf8 27.
Qxh6 Nxe6 28. fxe6 Rxe6 29. Rxe6 Rxe6 30. Qg7 b6 31. Rh1 Kb7 32. Kb2 Qf4 33.
Rd1 Qxg4 34. Rd3 Rc6 35. Qh7 Qe2 36. Rc3 Rxc3 37. Kxc3 Qe3+ 0-1

[Event "I Festival A"]
[Site "Forni di Sopra ITA"]
[Date "2011.06.16"]
[Round "6"]
[White "Codenotti, Marco"]
[Black "Arnaudov, G. Petar"]
[WhiteElo "2284"]
[BlackElo "2449"]
[Result "0-1"]
[PlyCount "128"]
[EventDate "2011.06.12"]

1. e4 e5 2. Nf3 Nc6 3. Bb5 a6 4. Ba4 Nge7 5. Nc3 g6 6. d4 exd4 7. Nd5 Bg7 8.
Bg5 h6 9. Bf6 Bxf6 10. Nxf6+ Kf8 11. O-O Kg7 12. Nd5 d6 13. Bxc6 Nxc6 14. Nxd4
Ne7 15. c4 c5 16. Nc2 Nxd5 17. Qxd5 Be6 18. Qd3 b5 19. Ne3 bxc4 20. Nxc4 Bxc4
21. Qxc4 Qf6 22. b3 Rhe8 23. f3 a5 24. Rfd1 Reb8 25. Rab1 Rb6 26. Rd5 a4 27. e5
dxe5 28. Qxc5 axb3 29. axb3 Rxb3 30. Rdd1 Rxb1 31. Rxb1 Qf4 32. Rd1 h5 33. g3
Qf5 34. Re1 Re8 35. Qc6 Re6 36. Qe4 Qxe4 37. Rxe4 f5 38. Rb4 g5 39. h3 Ra6 40.
Kf2 Kf6 41. Rb2 h4 42. Rc2 Kg6 43. gxh4 gxh4 44. Rc5 Kf6 45. Rb5 Ra2+ 46. Kg1
Re2 47. Ra5 Kg5 48. Ra4 Rd2 49. f4+ exf4 50. Ra3 Re2 51. Rf3 Re3 52. Kf2 Rxf3+
53. Kxf3 Kg6 54. Kxf4 Kf6 55. Kf3 Ke5 56. Ke3 f4+ 57. Kf3 Kf5 58. Kf2 Ke4 59.
Ke2 f3+ 60. Kf1 Ke5 61. Ke1 Kd4 62. Kf2 Ke4 63. Kf1 Kf5 64. Ke1 Ke5 0-1

[Event "I Festival A"]
[Site "Forni di Sopra ITA"]
[Date "2011.06.16"]
[Round "6"]
[White "Hansson, Hakan"]
[Black "Di Paolo, Raffaele"]
[WhiteElo "2109"]
[BlackElo "2312"]
[Result "0-1"]
[PlyCount "116"]
[EventDate "2011.06.12"]

1. d4 f5 2. g3 Nf6 3. Bg2 e6 4. c4 d5 5. Nf3 c6 6. O-O Bd6 7. b3 Qe7 8. Qc2 O-O
9. e3 Ne4 10. Ne5 a5 11. f3 Ng5 12. Bb2 b6 13. Nd2 Bb7 14. Rae1 Nd7 15. Nd3 c5
16. e4 fxe4 17. fxe4 Rxf1+ 18. Rxf1 Nxe4 19. Nxe4 dxe4 20. Nf2 Rf8 21. Nxe4
Rxf1+ 22. Kxf1 Nf6 23. Nxd6 Bxg2+ 24. Qxg2 Qxd6 25. Qf2 Nd7 26. Qe3 cxd4 27.
Qxd4 Qe7 28. Qe3 e5 29. Qe4 Qe6 30. Ke2 h5 31. Qa8+ Kf7 32. Qf3+ Kg6 33. Qd3+
Qf5 34. Qd6+ Kh7 35. Qd3 e4 36. Qe3 Nf6 37. Qf4 Qd7 38. Bxf6 Qd3+ 39. Kf2 gxf6
40. Qe3 Qb1 41. Qxb6 Qc2+ 42. Ke1 Qc1+ 43. Ke2 Qc2+ 44. Ke1 Qc3+ 45. Kf1 Qd3+
46. Kg2 Qf3+ 47. Kh3 e3 48. Qc7+ Kg6 49. Qe7 e2 50. Qe8+ Kg5 51. Qg8+ Kf5 52.
Qc8+ Ke5 53. Qc5+ Ke6 54. Qc8+ Ke5 55. Qc5+ Ke4 56. Qc6+ Ke3 57. Qc5+ Kd3 58.
Qd6+ Kc2 0-1

[Event "I Festival A"]
[Site "Forni di Sopra ITA"]
[Date "2011.06.16"]
[Round "6"]
[White "Jaracz, Pawel"]
[Black "Collutiis, Duilio"]
[WhiteElo "2575"]
[BlackElo "2472"]
[Result "1-0"]
[PlyCount "129"]
[EventDate "2011.06.12"]

1. e4 e5 2. Nf3 Nc6 3. Bb5 Nf6 4. d3 d6 5. O-O Bd7 6. Re1 Be7 7. h3 O-O 8. c4
a6 9. Bxc6 Bxc6 10. Nc3 Re8 11. a4 h6 12. Nh2 Rb8 13. a5 Bf8 14. f4 exf4 15.
Bxf4 g6 16. Qd2 Kh7 17. Rf1 Bg7 18. Be3 Bd7 19. b4 Be6 20. Rf2 c6 21. Raf1 Ng8
22. Nf3 Rf8 23. Bd4 Bxd4 24. Nxd4 Qe7 25. Qf4 Rbe8 26. Qg3 Bc8 27. Nd1 f6 28.
Ne3 Qe5 29. Qxe5 Rxe5 30. g4 Kg7 31. Kg2 Bd7 32. Kg3 Ree8 33. h4 Ne7 34. h5 g5
35. Rf3 Rd8 36. Nef5+ Nxf5+ 37. Nxf5+ Bxf5 38. Rxf5 Rde8 39. Kf3 Re5 40. Ke3
Rxf5 41. Rxf5 Kf7 42. Kd4 Rd8 43. Rf1 Ke6 44. Re1 Rb8 45. Kc3 Rc8 46. c5 Rf8
47. Kc4 Rd8 48. d4 Re8 49. Rf1 d5+ 50. exd5+ cxd5+ 51. Kd3 Rf8 52. Rf5 Rf7 53.
Kc3 Rf8 54. b5 Rf7 55. Kb4 Rf8 56. Rf1 Kd7 57. Ka4 f5 58. gxf5 g4 59. Rf4 g3
60. Rg4 Rxf5 61. Rxg3 Rf4 62. Rg7+ Kc8 63. Rg8+ Kd7 64. c6+ bxc6 65. bxa6 1-0

[Event "I Festival A"]
[Site "Forni di Sopra ITA"]
[Date "2011.06.16"]
[Round "6"]
[White "Klinova, Masha"]
[Black "Sipos, Istvan"]
[WhiteElo "2315"]
[BlackElo "2423"]
[Result "1/2-1/2"]
[PlyCount "106"]
[EventDate "2011.06.12"]

1. e4 e5 2. Nf3 Nc6 3. Bc4 Nf6 4. d3 Bc5 5. O-O O-O 6. Bb3 a6 7. Nbd2 d6 8. c3
Ba7 9. h3 Ne7 10. Re1 Ng6 11. Nf1 Be6 12. Ng3 h6 13. d4 Bxb3 14. axb3 Re8 15.
Be3 Qe7 16. b4 exd4 17. Bxd4 Bxd4 18. Nxd4 Rad8 19. Ndf5 Qe5 20. Qd4 Qxd4 21.
Nxd4 d5 22. exd5 Rxe1+ 23. Rxe1 Nxd5 24. Nb3 Ndf4 25. Nf5 Rd5 26. Ne3 Rd6 27.
Nc5 Nd3 28. Nxd3 Rxd3 29. Rd1 Rxd1+ 30. Nxd1 Nf4 31. h4 Kf8 32. g3 Nd5 33. Kg2
Ke7 34. Kf3 Ke6 35. Ne3 Nxe3 36. Kxe3 Kd5 37. Kd3 c5 38. c4+ Kc6 39. Kc3 b6 40.
bxc5 Kxc5 41. b4+ Kd6 42. Kd3 h5 43. Kc3 Ke5 44. Kd3 f6 45. f4+ Kd6 46. Kc3 Kc6
47. Kb3 f5 48. Ka4 Kd6 49. Kb3 Kc7 50. Ka4 Kc6 51. Kb3 Kd6 52. Ka4 Kc6 53. Kb3
Kd6 1/2-1/2

[Event "I Festival A"]
[Site "Forni di Sopra ITA"]
[Date "2011.06.16"]
[Round "6"]
[White "Leon Hoyos, Manuel"]
[Black "Dvirnyy, Danyyil"]
[WhiteElo "2563"]
[BlackElo "2448"]
[Result "1/2-1/2"]
[PlyCount "67"]
[EventDate "2011.06.12"]

1. Nf3 Nf6 2. g3 d5 3. Bg2 g6 4. b3 Bg7 5. Bb2 c5 6. c4 O-O 7. O-O d4 8. b4 Nc6
9. b5 Na5 10. d3 Re8 11. e3 e5 12. exd4 e4 13. Nfd2 e3 14. fxe3 Ng4 15. Qf3 Bf5
16. Ne4 cxd4 17. Nbd2 Ne5 18. Qe2 dxe3 19. Nb3 Qxd3 20. Qxd3 Nxd3 21. Bxg7 Bxe4
22. Nxa5 Bxg2 23. Kxg2 Kxg7 24. Rfd1 Rad8 25. Nxb7 Rd7 26. c5 e2 27. Rxd3 Rxd3
28. Re1 Ra3 29. c6 Re7 30. Nd6 Kf8 31. Nc8 Re8 32. Nd6 Re7 33. Nc8 Re8 34. Nd6
1/2-1/2

[Event "I Festival A"]
[Site "Forni di Sopra ITA"]
[Date "2011.06.16"]
[Round "6"]
[White "Makropoulou, Marina"]
[Black "Bellincampi, Stefano"]
[WhiteElo "2282"]
[BlackElo "2067"]
[Result "1-0"]
[PlyCount "273"]
[EventDate "2011.06.12"]

1. e4 e5 2. Nf3 Nc6 3. Nc3 Nf6 4. Bb5 Bd6 5. O-O O-O 6. d3 h6 7. a3 a6 8. Bc4
Bc5 9. b4 Bb6 10. Nd5 Ba7 11. c3 d6 12. Be3 Nxd5 13. Bxd5 Ne7 14. Bb3 Be6 15.
d4 Bxb3 16. Qxb3 Ng6 17. Rad1 Qe7 18. Rfe1 Rfd8 19. h3 c6 20. c4 Nh4 21. Nxh4
Qxh4 22. d5 Bxe3 23. Qxe3 Rac8 24. Rc1 c5 25. Rc3 Rd7 26. Rb1 Qe7 27. b5 a5 28.
b6 a4 29. Rb5 Ra8 30. Qd2 Ra6 31. Rg3 Kh7 32. f4 Qf6 33. f5 Rd8 34. Rf3 Rg8 35.
Kh2 Qd8 36. Qb2 f6 37. Rg3 g6 38. fxg6+ Rxg6 39. Rxg6 Kxg6 40. Qf2 Qd7 41. Qg3+
Kh7 42. Qh4 Kg7 43. Rb2 Ra8 44. Rf2 Rf8 45. Rf5 Qf7 46. Qe1 Ra8 47. Rf3 Kh7 48.
Qf2 Rf8 49. Qc2 Ra8 50. Rg3 Qd7 51. Qf2 Rf8 52. Rf3 Qf7 53. Qe1 Ra8 54. Qb1 Rg8
55. Rf5 Qg7 56. g4 Qf7 57. Qd1 Ra8 58. Qf1 Kg7 59. Qb1 Qe7 60. Rh5 Qf7 61. Qc1
Qg6 62. Rf5 Rh8 63. Qd1 Ra8 64. Qc2 Qf7 65. Qb2 Qe7 66. Rh5 Qf7 67. Kg3 Qe7 68.
Qd2 Rh8 69. Qb2 Ra8 70. Kf3 Qf7 71. Qd2 Rh8 72. Qb2 Ra8 73. Qd2 Rh8 74. Ke2 Qg6
75. Kd3 Qf7 76. Qc2 Ra8 77. Qd2 Rh8 78. Ke2 Qg6 79. Kf3 Qf7 80. Kg3 Qg6 81. Qc2
Ra8 82. Rf5 Qf7 83. Qb2 Qe7 84. Rh5 Qf7 85. Kf3 Qe7 86. Ke2 Qf7 87. Kd3 Qe7 88.
Qd2 Rh8 89. Qa5 Qd7 90. Kc2 Kg6 91. Kb2 Kg7 92. Ka2 Kg6 93. Rf5 Kg7 94. Rh5 Kg6
95. Qd2 Kg7 96. Rf5 Qe7 97. Qf2 Qf7 98. h4 Qg6 99. Qe2 Kh7 100. Qf3 Kg7 101.
Qe2 Kh7 102. Qf3 Kg7 103. Ka1 Rg8 104. Qd1 Ra8 105. Qf3 Rh8 106. Qd1 Ra8 107.
Ka2 Kh7 108. Qf3 Kg7 109. Qg3 Rf8 110. Qf3 Rh8 111. Qe2 Kh7 112. Rf1 Kg7 113.
Rf2 Rf8 114. Qf3 Rg8 115. Rg2 Kh7 116. Rg3 Kg7 117. Qe2 Rh8 118. Qc2 Ra8 119.
Rg1 Kh7 120. Rg2 Kg7 121. Rf2 Kh7 122. Rg2 Kg7 123. Rf2 Kh7 124. Rf5 Kg7 125.
Qg2 Rh8 126. Qf3 Rg8 127. Qd1 Ra8 128. Qg1 Rh8 129. Qg3 Rg8 130. Qf3 Rh8 131.
Qd1 Ra8 132. g5 fxg5 133. hxg5 hxg5 134. Qg4 Kh6 135. Rf3 Rg8 136. Rh3+ Kg7
137. Qd7+ 1-0

[Event "I Festival A"]
[Site "Forni di Sopra ITA"]
[Date "2011.06.16"]
[Round "6"]
[White "Matamoros Franco, Carlos S."]
[Black "Okhotnik, Vladimir"]
[WhiteElo "2542"]
[BlackElo "2486"]
[Result "1-0"]
[PlyCount "85"]
[EventDate "2011.06.12"]

1. c4 e5 2. g3 Nc6 3. Nc3 Bc5 4. Bg2 Nf6 5. e3 O-O 6. Nge2 d6 7. O-O a6 8. h3
Re8 9. b3 Ne7 10. d4 Ba7 11. e4 Ng6 12. Be3 b5 13. cxb5 h5 14. Qd2 axb5 15.
Nxb5 Bb8 16. dxe5 Rxe5 17. Nbc3 Bb7 18. Nf4 Ba7 19. Bxa7 Rxa7 20. Nxg6 fxg6 21.
Rfe1 Re7 22. e5 Rxe5 23. Rxe5 Bxg2 24. Kxg2 Qa8+ 25. Rd5 Ra5 26. Rd1 Rc5 27.
Kg1 Rxc3 28. Qxc3 Nxd5 29. Qc4 c6 30. Rc1 Qxa2 31. Qxc6 Qxb3 32. Qe8+ Kh7 33.
Rc8 Kh6 34. Qh8+ Kg5 35. Qxg7 Nf6 36. Qe7 Qd1+ 37. Kh2 Qd4 38. Qe2 Kh6 39. Rc4
Qa7 40. Rf4 Nd5 41. Rf3 Qa5 42. Qe8 Qc7 43. Rf7 1-0

[Event "I Festival A"]
[Site "Forni di Sopra ITA"]
[Date "2011.06.16"]
[Round "6"]
[White "Mlynek, Petr"]
[Black "Estremera Panos, Sergio"]
[WhiteElo "2153"]
[BlackElo "2364"]
[Result "0-1"]
[PlyCount "71"]
[EventDate "2011.06.12"]

1. d4 Nf6 2. c4 e6 3. g3 c5 4. Nf3 cxd4 5. Nxd4 d5 6. Bg2 e5 7. Nf3 d4 8. O-O
Nc6 9. e3 Be7 10. exd4 exd4 11. Nbd2 O-O 12. Nb3 d3 13. Bf4 Bg4 14. h3 Bh5 15.
Re1 Qd7 16. g4 Bg6 17. Nh4 Rad8 18. Nxg6 hxg6 19. a3 Bd6 20. Qd2 Qc7 21. Bxd6
Rxd6 22. Re3 Rfd8 23. Rd1 Nd4 24. Nxd4 Rxd4 25. b3 b5 26. Bd5 Nxd5 27. cxd5
R4xd5 28. Rc1 Qd6 29. b4 Re5 30. Rce1 Rxe3 31. Qxe3 d2 32. Rd1 Qd5 33. Kh2 a6
34. Kg1 Qc4 35. Kh2 Rd3 36. Qe2 0-1

[Event "I Festival A"]
[Site "Forni di Sopra ITA"]
[Date "2011.06.16"]
[Round "6"]
[White "Pastir, Stanislav"]
[Black "Nikolova, Adriana"]
[WhiteElo "2059"]
[BlackElo "2333"]
[Result "0-1"]
[PlyCount "70"]
[EventDate "2011.06.12"]

1. e4 c5 2. Nf3 d6 3. d4 cxd4 4. Nxd4 Nf6 5. Nc3 Nc6 6. f3 e5 7. Nb3 Be6 8. Bg5
Be7 9. Qd2 h6 10. Bxf6 Bxf6 11. Rd1 Bxb3 12. axb3 Nd4 13. Bb5+ Kf8 14. Bc4 Bh4+
15. Kf1 Bg5 16. Qd3 h5 17. Ne2 Nxe2 18. Kxe2 Rh6 19. Qd5 Qc7 20. b4 Rf6 21. b5
Qb6 22. Rd3 Rc8 23. b4 h4 24. g3 Bh6 25. Kf1 Be3 26. Kg2 h3+ 27. Kxh3 Bg1 28.
Rd1 Rh6+ 29. Kg4 Rxc4 30. Qxc4 Bxh2 31. Rhf1 Qd8 32. f4 Bxg3 33. Kxg3 Qh4+ 34.
Kf3 Qxf4+ 35. Ke2 Rh2+ 0-1

[Event "I Festival A"]
[Site "Forni di Sopra ITA"]
[Date "2011.06.16"]
[Round "6"]
[White "Petkov, Vladimir"]
[Black "Antoniewski, Rafal"]
[WhiteElo "2517"]
[BlackElo "2598"]
[Result "1/2-1/2"]
[PlyCount "38"]
[EventDate "2011.06.12"]

1. d4 Nf6 2. c4 c5 3. d5 b5 4. Qc2 bxc4 5. e4 d6 6. Bxc4 g6 7. Nf3 Bg7 8. O-O
O-O 9. Nc3 Nbd7 10. h3 Rb8 11. Re1 Nh5 12. Be2 Qc7 13. Bg5 Re8 14. Rac1 Qb6 15.
b3 Ba6 16. Na4 Qb7 17. Nb2 Bxe2 18. Rxe2 Nb6 19. Nc4 Nxc4 1/2-1/2

[Event "I Festival A"]
[Site "Forni di Sopra ITA"]
[Date "2011.06.16"]
[Round "6"]
[White "Piscopo, Pierluigi"]
[Black "Andersen, Alf R."]
[WhiteElo "2417"]
[BlackElo "2218"]
[Result "1-0"]
[PlyCount "67"]
[EventDate "2011.06.12"]

1. e4 c5 2. Nf3 d6 3. c3 Nf6 4. h3 Nc6 5. Bd3 d5 6. e5 Nd7 7. Qe2 Qc7 8. Bb5 f6
9. d4 cxd4 10. e6 Nde5 11. Nxd4 a6 12. Ba4 b5 13. Bc2 Nxd4 14. cxd4 Nc6 15. O-O
g6 16. Nc3 Nxd4 17. Qd1 Nxc2 18. Nxd5 Qc6 19. Bf4 Bxe6 20. Nc7+ Kf7 21. Rc1 Bf5
22. Nxa8 Qxa8 23. g4 e5 24. gxf5 Nd4 25. f3 gxf5 26. Be3 Ne6 27. Qd7+ Be7 28.
Rc6 Qg8+ 29. Kh2 Nf8 30. Qxf5 Ng6 31. Bh6 Nh4 32. Qe6+ Kg6 33. Qg4+ Kf7 34.
Qxh4 1-0

[Event "I Festival A"]
[Site "Forni di Sopra ITA"]
[Date "2011.06.16"]
[Round "6"]
[White "Smith, Bryan G."]
[Black "Banusz, Tamas"]
[WhiteElo "2481"]
[BlackElo "2555"]
[Result "1/2-1/2"]
[PlyCount "68"]
[EventDate "2011.06.12"]

1. e4 e5 2. Nf3 Nc6 3. Bb5 a6 4. Ba4 Nge7 5. c3 g6 6. d4 exd4 7. cxd4 Bg7 8.
O-O b5 9. Bb3 O-O 10. h3 d6 11. Nc3 Na5 12. Bc2 c5 13. Bf4 Nc4 14. b3 Na3 15.
Bd3 Nc6 16. Ne2 c4 17. bxc4 bxc4 18. Bb1 Nxb1 19. Rxb1 d5 20. exd5 Qxd5 21. Nc3
Qa5 22. d5 Nb4 23. Be5 Bxe5 24. Nxe5 Nd3 25. Nxd3 Qxc3 26. Nc5 Rd8 27. Re1 Bf5
28. Rc1 Qb4 29. Qd4 Rac8 30. Ne4 Bxe4 31. Rxe4 Qc5 32. Rxc4 Qxc4 33. Qxc4 Rxc4
34. Rxc4 Rxd5 1/2-1/2

[Event "I Festival A"]
[Site "Forni di Sopra ITA"]
[Date "2011.06.16"]
[Round "6"]
[White "Stamenkovic, Dragan"]
[Black "Altini, Nicola"]
[WhiteElo "2383"]
[BlackElo "2206"]
[Result "1-0"]
[PlyCount "63"]
[EventDate "2011.06.12"]

1. d4 d5 2. c4 c6 3. Nf3 Nf6 4. e3 Bf5 5. Nc3 e6 6. Nh4 Bg4 7. Qb3 b6 8. h3 Bh5
9. g4 Ne4 10. Nf3 Qf6 11. Nxe4 Qxf3 12. Ng3 Bg6 13. c5 Nd7 14. g5 bxc5 15. Be2
Qg2 16. Bf1 Qf3 17. Rh2 Bd6 18. Be2 Bxg3 19. Bxf3 Bxh2 20. Qb7 Rd8 21. Bd2 cxd4
22. exd4 O-O 23. Ba5 Nb6 24. Qxa7 Ra8 25. Qxb6 Rfb8 26. Qc5 Rb5 27. Qxc6 Rbxa5
28. Be2 h5 29. gxh6 Rb8 30. b4 Rxb4 31. Qe8+ Kh7 32. Qf8 1-0

[Event "I Festival A"]
[Site "Forni di Sopra ITA"]
[Date "2011.06.16"]
[Round "6"]
[White "Tonon, Alessandro"]
[Black "Bernardi, Ruben"]
[WhiteElo "2242"]
[BlackElo "2162"]
[Result "1/2-1/2"]
[PlyCount "49"]
[EventDate "2011.06.12"]

1. d4 d5 2. Nf3 Nf6 3. e3 c6 4. Bd3 Bg4 5. b3 e6 6. Bb2 Nbd7 7. Nbd2 Bd6 8. c4
O-O 9. O-O e5 10. cxd5 cxd5 11. dxe5 Bxe5 12. Qb1 Bxb2 13. Qxb2 Nc5 14. Be2 Qe7
15. Nd4 Bxe2 16. Nxe2 Rfe8 17. Nf3 Rad8 18. Rad1 h6 19. Ng3 g6 20. Ne2 Nce4 21.
Nc3 Rd7 22. Rd3 Nxc3 23. Qxc3 Rc7 24. Qd2 Rec8 25. Nd4 1/2-1/2

[Event "I Festival A"]
[Site "Forni di Sopra ITA"]
[Date "2011.06.16"]
[Round "6"]
[White "Vojta, Tomas"]
[Black "Schmitz, Andreas Arnold"]
[WhiteElo "2360"]
[BlackElo "2052"]
[Result "1-0"]
[PlyCount "59"]
[EventDate "2011.06.12"]

1. e4 e6 2. Qe2 Nc6 3. Nf3 e5 4. g3 Bc5 5. Bg2 d6 6. d3 h6 7. c3 a5 8. O-O g5
9. Be3 Bxe3 10. fxe3 Bg4 11. Nbd2 Qd7 12. d4 f6 13. Qc4 Nce7 14. Rf2 b5 15. Qf1
Ng6 16. a4 b4 17. cxb4 axb4 18. Qc4 Rxa4 19. Rxa4 Qxa4 20. Qxc7 Qd7 21. Qb8+
Kf7 22. Nc4 N8e7 23. Nfxe5+ dxe5 24. Nxe5+ Kg7 25. Nxd7 Rxb8 26. Nxb8 Bd1 27.
Nd7 Ng8 28. Bf1 Bb3 29. Bd3 N6e7 30. Rf1 1-0

[Event "I Festival A"]
[Site "Forni di Sopra ITA"]
[Date "2011.06.16"]
[Round "7"]
[White "Andersen, Alf R."]
[Black "Hansson, Hakan"]
[WhiteElo "2218"]
[BlackElo "2109"]
[Result "1-0"]
[PlyCount "55"]
[EventDate "2011.06.12"]

1. e4 e6 2. d4 d5 3. Nc3 dxe4 4. Nxe4 Be7 5. Nf3 Nf6 6. Nxf6+ Bxf6 7. Be3 b6 8.
a4 a5 9. Bb5+ c6 10. Bd3 O-O 11. h4 g6 12. h5 Nd7 13. hxg6 hxg6 14. Qd2 e5 15.
O-O-O Re8 16. Bc4 exd4 17. Bxd4 Bxd4 18. Qxd4 Qf6 19. Qd2 Nc5 20. Ng5 Ne6 21.
Bxe6 Bxe6 22. Ne4 Qe5 23. Qh6 Bf5 24. Nd6 Re7 25. Qh7+ Kf8 26. Qh8+ Qxh8 27.
Rxh8+ Kg7 28. Rxa8 1-0

[Event "I Festival A"]
[Site "Forni di Sopra ITA"]
[Date "2011.06.16"]
[Round "7"]
[White "Arnaudov, G. Petar"]
[Black "Klinova, Masha"]
[WhiteElo "2449"]
[BlackElo "2315"]
[Result "1-0"]
[PlyCount "87"]
[EventDate "2011.06.12"]

1. d4 d6 2. Nf3 Nf6 3. c4 g6 4. Nc3 Bg7 5. e4 O-O 6. h3 e5 7. dxe5 dxe5 8. Qxd8
Rxd8 9. Bg5 Re8 10. Nd5 Nxd5 11. cxd5 c6 12. Bc4 cxd5 13. Bxd5 Nc6 14. Ke2 Nb4
15. Bc4 Be6 16. Bxe6 Rxe6 17. Rhd1 Rc6 18. Ne1 Rc7 19. Be3 b6 20. Rac1 Rxc1 21.
Bxc1 Kf8 22. a4 Ke8 23. Be3 Bf8 24. Rc1 Kd7 25. Rc4 Bd6 26. Bd2 Nc6 27. Be3 Na5
28. Rc2 Rc8 29. Rxc8 Kxc8 30. Kd3 Kc7 31. Nc2 Nb7 32. Kc4 Nc5 33. Bxc5 Bxc5 34.
f3 Kd6 35. b4 Bf2 36. b5 Bc5 37. Ne1 Ke6 38. a5 f5 39. a6 Kd6 40. g4 f4 41. Nd3
Ba3 42. Kc3 g5 43. Kb3 Bc5 44. Ka4 1-0

[Event "I Festival A"]
[Site "Forni di Sopra ITA"]
[Date "2011.06.16"]
[Round "7"]
[White "Banusz, Tamas"]
[Black "Jaracz, Pawel"]
[WhiteElo "2555"]
[BlackElo "2575"]
[Result "1/2-1/2"]
[PlyCount "48"]
[EventDate "2011.06.12"]

1. d4 Nf6 2. c4 g6 3. g3 c6 4. Nf3 Bg7 5. Bg2 O-O 6. O-O d5 7. Qb3 Qb6 8. Nc3
Rd8 9. c5 Qxb3 10. axb3 Na6 11. Ra4 Bf5 12. Bf4 Nh5 13. Rfa1 Bc2 14. R1a3 Nxf4
15. gxf4 Nxc5 16. dxc5 d4 17. Na2 d3 18. exd3 Bxb2 19. Nb4 Bxa3 20. Nxc2 Bxc5
21. d4 Bd6 22. Ne5 f6 23. Nd3 a5 24. Kf1 Rdc8 1/2-1/2

[Event "I Festival A"]
[Site "Forni di Sopra ITA"]
[Date "2011.06.16"]
[Round "7"]
[White "Bernardi, Ruben"]
[Black "Codenotti, Marco"]
[WhiteElo "2162"]
[BlackElo "2284"]
[Result "0-1"]
[PlyCount "66"]
[EventDate "2011.06.12"]

1. e4 c5 2. Na3 g6 3. c3 Bg7 4. Nf3 Nc6 5. Bb5 Nf6 6. d3 Qc7 7. O-O O-O 8. h3
d5 9. Re1 a6 10. Bxc6 bxc6 11. e5 Nd7 12. d4 cxd4 13. cxd4 f6 14. e6 Nb6 15. b3
f5 16. Nc2 Rf6 17. Bg5 Rxe6 18. Rxe6 Bxe6 19. Qe2 Bf7 20. Qxe7 Nd7 21. Qe2 Re8
22. Qxa6 f4 23. g3 fxg3 24. Bh4 gxf2+ 25. Kxf2 Nf6 26. Qd3 Ne4+ 27. Kg2 g5 28.
Be1 Bg6 29. Ne3 Qf4 30. Ng4 h5 31. Nge5 g4 32. Nxg6 gxf3+ 33. Kf1 Qf5 0-1

[Event "I Festival A"]
[Site "Forni di Sopra ITA"]
[Date "2011.06.16"]
[Round "7"]
[White "Borgo, Giulio"]
[Black "Naumkin, Igor"]
[WhiteElo "2399"]
[BlackElo "2506"]
[Result "1/2-1/2"]
[PlyCount "24"]
[EventDate "2011.06.12"]

1. Nf3 Nf6 2. d4 e6 3. e3 b6 4. Bd3 Bb7 5. O-O c5 6. b3 Be7 7. Bb2 O-O 8. Nbd2
cxd4 9. exd4 d6 10. Re1 Nbd7 11. c4 a6 12. Rc1 b5 1/2-1/2

[Event "I Festival A"]
[Site "Forni di Sopra ITA"]
[Date "2011.06.16"]
[Round "7"]
[White "Collutiis, Duilio"]
[Black "Stamenkovic, Dragan"]
[WhiteElo "2472"]
[BlackElo "2383"]
[Result "1-0"]
[PlyCount "97"]
[EventDate "2011.06.12"]

1. g3 d5 2. Bg2 c6 3. c4 Nf6 4. Nf3 Bf5 5. cxd5 cxd5 6. Qb3 Qc8 7. Nc3 e6 8. d3
Nc6 9. Bf4 Be7 10. O-O O-O 11. Rac1 Qd7 12. Ne5 Nxe5 13. Bxe5 Bg6 14. e4 Ng4
15. Bf4 d4 16. Ne2 e5 17. Bd2 Kh8 18. Bh3 f5 19. f3 Nh6 20. Bxh6 gxh6 21. Bxf5
Rxf5 22. exf5 Bxf5 23. Qc2 Bd6 24. g4 Rg8 25. Ng3 Bg6 26. Kh1 Qf7 27. a3 Be7
28. Qe2 Qd5 29. Ne4 h5 30. Rc7 Bd8 31. Rc5 Qe6 32. Ng3 hxg4 33. f4 Qa6 34. f5
Be8 35. Rxe5 Bc6+ 36. Ne4 Bg5 37. Re6 Qb5 38. f6 Rf8 39. Rxc6 Qxc6 40. f7 Qe6
41. Qg2 Be3 42. Nc5 Qd6 43. Nxb7 Qe5 44. Qxg4 Qb5 45. Qe4 h6 46. Nd6 Qg5 47.
Qe6 Bf4 48. Ne4 Qh4 49. Qf6+ 1-0

[Event "I Festival A"]
[Site "Forni di Sopra ITA"]
[Date "2011.06.16"]
[Round "7"]
[White "Dvirnyy, Danyyil"]
[Black "Petkov, Vladimir"]
[WhiteElo "2448"]
[BlackElo "2517"]
[Result "0-1"]
[PlyCount "166"]
[EventDate "2011.06.12"]

1. e4 e5 2. Nf3 Nc6 3. Bb5 Nf6 4. O-O Nxe4 5. Re1 Nd6 6. Nxe5 Be7 7. Bf1 Nf5 8.
c3 O-O 9. d4 Nxe5 10. Rxe5 d6 11. Re1 d5 12. Bf4 c5 13. dxc5 Bxc5 14. Qc2 Be6
15. Nd2 Qh4 16. g3 Qh5 17. Nb3 Bb6 18. a4 a5 19. Be5 Ne3 20. fxe3 Qxe5 21. Nd4
Rad8 22. Bd3 g6 23. Qf2 Bc8 24. Kg2 Rde8 25. Kg1 Re7 26. Qf4 f6 27. Bf1 Rfe8
28. Qxe5 fxe5 29. Nb5 Bg4 30. Bg2 Rd8 31. h3 Be6 32. Kh2 Rf7 33. Re2 Kg7 34.
Rd1 Rfd7 35. Bf3 h5 36. Rdd2 Kh6 37. h4 Kg7 38. Re1 Kf6 39. Rg2 Bf5 40. Rd2 Be6
41. Kg2 g5 42. Rf2 Kg6 43. Bd1 gxh4 44. Ref1 h3+ 45. Kh2 Kg5 46. Rf6 Re7 47.
Bc2 e4 48. Nd4 Bxd4 49. exd4 Bg4 50. R1f4 Rdd7 51. Bd1 Be6 52. Be2 Rd8 53. Bf1
Rg8 54. Bxh3 Rg6 55. Rxg6+ Kxg6 56. Bxe6 Rxe6 57. Kg1 Rb6 58. Rf2 Kg5 59. Kg2
Rb3 60. Kh3 b5 61. axb5 Rxb5 62. Re2 a4 63. c4 Rb4 64. c5 Kf5 65. Rf2+ Ke6 66.
Rd2 Rb3 67. c6 a3 68. bxa3 Rc3 69. Kh4 e3 70. Ra2 Kf5 71. a4 Rc1 72. Kh3 Ke4
73. Kg2 Rxc6 74. a5 Ra6 75. Ra4 Kd3 76. Kf1 Ke4 77. Kg2 Rf6 78. Ra2 Kd3 79. a6
e2 80. a7 Rf8 81. Ra3+ Kxd4 82. Ra4+ Kc5 83. Rf4 Re8 0-1

[Event "I Festival A"]
[Site "Forni di Sopra ITA"]
[Date "2011.06.16"]
[Round "7"]
[White "Estremera Panos, Sergio"]
[Black "Piscopo, Pierluigi"]
[WhiteElo "2364"]
[BlackElo "2417"]
[Result "1/2-1/2"]
[PlyCount "24"]
[EventDate "2011.06.12"]

1. Nf3 Nf6 2. c4 g6 3. Nc3 Bg7 4. e4 O-O 5. d4 c6 6. h3 d5 7. e5 Ne4 8. Bd3
Nxc3 9. bxc3 dxc4 10. Bxc4 c5 11. O-O cxd4 12. cxd4 Nc6 1/2-1/2

[Event "I Festival A"]
[Site "Forni di Sopra ITA"]
[Date "2011.06.16"]
[Round "7"]
[White "Gaponenko, Inna"]
[Black "Papp, Gabor"]
[WhiteElo "2455"]
[BlackElo "2553"]
[Result "1/2-1/2"]
[PlyCount "34"]
[EventDate "2011.06.12"]

1. e4 c5 2. Nf3 d6 3. d4 cxd4 4. Nxd4 Nf6 5. Nc3 a6 6. Be3 e5 7. Nb3 Be6 8. Qd2
Be7 9. O-O-O O-O 10. f4 Ng4 11. g3 Nxe3 12. Qxe3 Nd7 13. Kb1 b5 14. f5 Bxb3 15.
axb3 Qb6 16. Qxb6 Nxb6 17. Nd5 Nxd5 1/2-1/2